Social housing : an introduction /

An introduction to social housing. Social housing in context. Financing social housing. Developing social housing. Managing social housing. Organising the housing service. The changing face of social housing.

সংরক্ষণ করুন:
গ্রন্থ-পঞ্জীর বিবরন
প্রধান লেখক: Harriott, Stephen.
অন্যান্য লেখক: Matthews, Lesley.
বিন্যাস: গ্রন্থ
ভাষা:English
প্রকাশিত: Harlow, Eng. : Longman, 1998.
বিষয়গুলি:
ট্যাগগুলো: ট্যাগ যুক্ত করুন
কোনো ট্যাগ নেই, প্রথমজন হিসাবে ট্যাগ করুন!
Thư viện lưu trữ: Mạng thư viện Đại học Đà Nẵng
LEADER 01216cam a2200373 i 4500
001 000048008
003 7704
005 20030313084405.0
008 010319|1998 vm 000 eng
020 |a 0582279992 
040 |a IRC  |c IRC  |d IRC 
041 0 |a eng 
082 1 4 |a 363.5850941  |b HA-S 
100 1 |a Harriott, Stephen. 
245 0 0 |a Social housing :  |b an introduction /  |c Stephen Harriott and Lesley Matthews (with Paul Grainger) 
260 |a Harlow, Eng. :  |b Longman,  |c 1998. 
300 |a xv, 264 p. :  |b ill. ;  |c 23.5cm. 
520 3 |a An introduction to social housing. Social housing in context. Financing social housing. Developing social housing. Managing social housing. Organising the housing service. The changing face of social housing. 
630 0 4 |a Great Britain. 
630 0 4 |a Public housing. 
630 0 4 |a Housing policy. 
650 0 4 |a Public housing  |z Great Britain. 
650 0 4 |a Housing policy  |z Great Britain. 
700 1 |a Matthews, Lesley. 
OWN |a DUT 
999 |a From the UDN01 
TYP |a Monograph 
TYP |a Printed language 
980 |a Mạng thư viện Đại học Đà Nẵng